|
|
|
|
| LEADER |
00000nam0a2200000 4500 |
| 001 |
131344 |
| 005 |
20231031134404.0 |
| 020 |
|
|
|a RU
|b 90-36245
|
| 035 |
|
|
|a (RuTPU)RU\TPU\book\142261
|
| 090 |
|
|
|a 131344
|
| 100 |
|
|
|a 20080215d1989 k a0rusy5003 ca
|
| 101 |
0 |
|
|a rus
|
| 102 |
|
|
|a RU
|
| 105 |
|
|
|a y z 001zy
|
| 200 |
1 |
|
|a Учебно-исследовательские САПР
|e межвузовский сборник научных трудов
|f Красноярский политехнический ин-т ; под ред. С. А. Подлесного
|
| 210 |
|
|
|a Красноярск
|c КрПИ
|d 1989
|
| 215 |
|
|
|a 106 с.
|c ил.
|d 20 см
|
| 320 |
|
|
|a Библиогр. в конце ст.
|
| 610 |
1 |
|
|a автоматизированные системы проектирования
|
| 610 |
1 |
|
|a САПР
|
| 610 |
1 |
|
|a сигналы
|
| 610 |
1 |
|
|a обработка
|
| 610 |
1 |
|
|a программное обеспечение
|
| 675 |
|
|
|a 658.512.2.001.56:681.3
|z rus
|
| 702 |
|
1 |
|a Подлесный
|b С. А.
|g Сергей Антонович
|4 340
|
| 712 |
0 |
2 |
|a Красноярский политехнический ин-т
|
| 801 |
|
0 |
|a RU
|b RuMRKP
|c 19950417
|g psbo
|
| 801 |
|
1 |
|a RU
|b 63413507
|c 20080215
|g PSBO
|
| 801 |
|
2 |
|a RU
|b 63413507
|c 20090218
|g PSBO
|
| 942 |
|
|
|c BK
|